Pokémon - Les attaques de Laggron - Statistiques

Statistiques générales
  • Ce quiz a été pris 55 fois
  • Le résultat moyen est 10 sur 19
Statistiques - réponses
Niveaux Types Noms des attaques % Correct
Départ Normal Charge
92%
Niveau 63 Eau Hydrocanon
90%
Départ Eau Pistolet à O
90%
Départ Sol Séisme
87%
Départ Sol Tir de Boue
72%
Départ Normal Rugissement
69%
Niveau 42 Eau Ocroupi
67%
Niveau 25 Roche Éboulement
59%
Niveau 30 Normal Bélier
56%
Niveau 20 Eau Vibraqua
54%
Niveau 9 Roche Jet-Pierres
46%
Départ Eau Surf
46%
Niveau 12 Normal Abri
44%
Départ Combat Marto-Poing
38%
Départ Combat Éclate-Roc
33%
Niveau 35 Psy Amnésie
26%
Niveau 49 Normal Grincement
15%
Niveau 56 Normal Effort
13%
Niveau 15 Normal Ultrason
3%
Aucun quiz correspondant
Distribution des résultats
% des personnes avec chaque résultat
Percentile par nombre de réponses
Votre historique - résultats
Vous n’avez pas pris ce quiz